Formy financovania podniku z pohľadu kapitálovej štruktúry diplomová práca

Enregistré dans:
Détails bibliographiques
Auteur principal: Horňák, Samuel
Collectivité auteur: Národohospodárska fakulta EU. Katedra financií
Autres auteurs: Hocman, František, 1983-
Format: Livre
Langue:slovaque
Publié: Bratislava 2020
Tags: Ajouter un tag
Pas de tags, Soyez le premier à ajouter un tag!

MARC

LEADER 00000nbm a2200000 4500
001 0264497
005 20200928143350.7
041 0 |a slo 
044 |a SK 
245 1 0 |a Formy financovania podniku z pohľadu kapitálovej štruktúry  |b diplomová práca  |c Samuel Horňák ; školiteľ: František Hocman 
264 1 |a Bratislava  |c 2020 
300 |a 70 s. 
100 1 |a Horňák, Samuel 
700 1 |a Hocman, František, 1983- 
710 2 |a Národohospodárska fakulta EU. Katedra financií